Responses for Show #3815 - Friday, March 16, 2001

Contestants

[<< previous game]

Anne Volk, a boarding school teacher from LaPorte, Indiana

Steve Deitsch, a network administrator from Boca Raton, Florida

Raj Choudhary, a customer care manager from Houston, Texas (whose 3-day cash winnings total $26,800)

[next game >>]

Jeopardy! Round responses

AYE! IT'S IRELAND
(Alex: Tomorrow is St. Patrick's Day!)
PRESIDENTS IN THE CABINET
TV CASTS
GRAVE MATTERS
ARTISTS & THEIR WORKS
CELEBRITY RHYME TIME
    $100 25
Dublin

Steve
    $100 6
James Monroe

Steve
    $100 1
Charlie Sheen

Anne
    $100 11
Pierre & Marie Curie

Steve
    $100 16
Eiffel Tower

Anne
    $100 13
Dan's plans

Anne
    $200 26
Horse racing

Anne
    $200 7
James Madison

Raj
    $200 2
Robert Downey, Jr.

Anne
    $200 12
Ethiopia

Anne
    $200 19
Pandora

Raj
    $200 14
Pat's hats

Steve
    $300 27
(Alex: Why am I doing this hokey accent?!)

"The Emerald Isle"

Raj
    $300 8
Most favored nation

Raj
    $300 3
Robert Patrick

Raj
    $300 22
Charlie Chaplin

Anne
    $300 20
Mobiles

Raj
    $300 15
Drew's views

Steve
    $400 28
Guinness

Raj
    $400 9
Spain

Steve
    $400 4
Gregory Hines

Anne
    $400 23
(R: Who is Sacajawea?)

Pocahontas

RajAnne
    $400 21
(S: Who is the Queen of Bathsheba?)

Queen of Sheba

SteveAnne
    $400 17
Woody's goodies

Steve
    $500 29
(R: What is a lyre?)

Harp

RajAnne
    $1,000 10
(S: Who was Zachary Taylor?)

Ulysses S. Grant

Steve
    $500 5
Ice-T

Steve
    $500 30
(A: What is the Statue of Liberty?)

U.S. Capitol Building

RajAnne
    $500 24
W.A. Mozart

Anne
    $500 18
Sassoon's bassoons

Steve

Scores at the first commercial break (after clue 15):

Raj Steve Anne
$800 $600 $1,000

Scores at the end of the Jeopardy! Round:

Raj Steve Anne
$1,600 $1,200 $2,900

Double Jeopardy! Round responses

"GREEN" THINGS
LITERARY CHARACTERS
AVIARY
NUTRITION
MOVIE SONGS
(Alex: You have to identify the film.)
OXYMORONS
    $200 1
a green thumb

Anne
    $200 2
(Anne: Who is King Kong?)

Tarzan

SteveAnne
    $200 25
(Alex: Less than a minute to go, Anne.)

mockingbird

Triple Stumper
    $200 23
fat

Anne
    $200 14
Evita

Raj
    $200 6
solitaire

Steve
    $400 9
Greenland

Raj
    $1,000 3
Merlin

Steve
    $400 26
(Anne: What is a pelican?)

stork

SteveAnne
    $400 22
bread

Steve
    $400 15
Waiting to Exhale

Anne
    $400 7
light-heavyweight

Triple Stumper
    $600 10
Greenback

Steve
    $600 4
Holden Caulfield

Anne
    $600 27
Bantam Books

Triple Stumper
    $600 19
sodium

Raj
    $600 16
Robin Hood: Prince of Thieves

Raj
    $600 13
preventable death

Triple Stumper
    $800 11
Greensboro

Raj
    $800 5
Madame Bovary

Raj
    $800 28
(Steve: What is a mockingbird?)
[The end-of-round signal sounds.]

skylark

SteveAnne
    $2,000 20
(Raj: What is lipstick?)

chocolate

Raj
    $800 17
Midnight Cowboy

Raj
    $800 24
(Steve: What is a dramedy?)

tragic comedy

Steve
Triple Stumper
    $1000 12
(Steve: What is How Green Was My Valley?)
(Anne: What is Green Mansions?)

Anne of Green Gables

SteveAnne
Triple Stumper
    $1000 8
George Babbitt

Triple Stumper
    $1000 21
calcium

Raj
    $1000 18
(Raj: What is Mad Max?)
(Anne: What is Beyond Thunderdome?)
...
(Alex: If you had combined your responses, that's the correct title!)

Mad Max Beyond Thunderdome

RajAnne
Triple Stumper

Scores at the end of the Double Jeopardy! Round:

Raj Steve Anne
$3,800 $1,400 $2,500

[wagering suggestions for these scores]

Final Jeopardy! Round responses

SPORTS NAME ORIGINS
SteveWhat is [badminton] batmitton
$1,000
AnneWhat is [badmint] la crosse
$500
RajWhat is squash
$1,200
Badminton

Final scores:

Raj Steve Anne
$2,600 $2,400 $2,000
4-day champion: $29,400 2nd place: a trip to London courtesy of Priceline.com 3rd place: a Fisher home entertainment system

Game dynamics:

Coryat scores:

Raj Steve Anne
$5,800 $1,800 $2,500
16 R,
4 W
(including 1 DD)
15 R
(including 1 DD),
5 W
(including 1 DD)
17 R,
5 W

Combined Coryat: $10,100

[game clues] [game scores] [suggest correction]

Game tape date: 2000-12-05
The J! Archive is created by fans, for fans. Scraping, republication, monetization, and malicious use prohibited; this site may use cookies and collect identifying information. See terms. The Jeopardy! game show and all elements thereof, including but not limited to copyright and trademark thereto, are the property of Jeopardy Productions, Inc. and are protected under law. This website is not affiliated with, sponsored by, or operated by Jeopardy Productions, Inc. Join the discussion at JBoard.tv.